| 000 | 00507nam a2200205Ia 4500 | ||
|---|---|---|---|
| 003 | OSt | ||
| 005 | 20221010143916.0 | ||
| 008 | 210210b2013 xxu||||| |||| 00| 0 eng d | ||
| 020 | _a9788184872750 | ||
| 040 | _cAL | ||
| 041 | _aeng | ||
| 082 | _a530 CHAF | ||
| 100 |
_aCHATTERJEE (Sanat Kumar) _959309 |
||
| 245 | _aFundamental physics: an introduction | ||
| 260 |
_aNew Delhi _bNarosa Publishing House _c2013 |
||
| 300 | _axv,358 | ||
| 690 |
_aPhysics _959310 |
||
| 906 | _a067797 | ||
| 942 |
_2ddc _cBK |
||
| 999 |
_c152008 _d152008 |
||